| 000 | 00482nam a2200181 a 4500 | ||
|---|---|---|---|
| 001 | 18550 | ||
| 005 | 20180713211846.0 | ||
| 008 | 140415s1962 000 0 spa d | ||
| 041 | _aspa | ||
| 082 |
_a631.4 _bSTA |
||
| 100 | 1 | _aSTALLINGS, J. H. | |
| 245 | 1 | 3 | _aEL SUELO SU USO Y MEJORAMIENTO |
| 250 | _a2a ed. | ||
| 260 |
_a[s.l.] : _bCECSA, _c1962 |
||
| 300 | _a480 | ||
| 650 | 1 | 4 |
_aEDAFOLOGIA _xESTRUCTURA DE SUELOS |
| 700 | 1 |
_aSevillano Mayo, Celedonio, _etr. |
|
| 999 |
_c18550 _d18550 |
||